Propagation of certain tropical trees /
Saved in:
| Main Author: | |
|---|---|
| Format: | Thesis Book |
| Language: | English |
| Published: |
1984.
|
| Subjects: | |
| Tags: |
Add Tag
No Tags, Be the first to tag this record!
|
| LEADER | 00794cam a2200265 4500 | ||
|---|---|---|---|
| 001 | u36985 | ||
| 003 | SIRSI | ||
| 008 | 850627s1984 si v 0 eng | ||
| 015 | |a X850005363 | ||
| 035 | |a AAD-9806 | ||
| 040 | |a UMM | ||
| 043 | |a w------ | ||
| 090 | 0 | 0 | |a SB119 |b Lee |
| 100 | 1 | 0 | |a Lee, Sing Kong |
| 245 | 1 | 0 | |a Propagation of certain tropical trees / |c by Lee Sing Kong |
| 260 | |c 1984. | ||
| 300 | |a xv, 446 leaves : |b ill. ; |c 30cm | ||
| 502 | |a Thesis (Ph.D.) -- National University of Singapore, 1984 | ||
| 504 | 0 | 0 | |a Bibliography: leaves (414)-446 |
| 650 | 0 | |a Plant propagation | |
| 650 | 0 | |a Plant tissue culture | |
| 650 | 0 | |a Trees |z Tropics | |
| 948 | |a 16/03/1991 |b 14/08/2002 | ||
| 596 | |a 1 | ||
| 999 | |a SB119 LEE |w LC |c 1 |i A002757226 |d 20/10/2000 |l STACKS |m P01UTAMA |n 1 |r Y |s Y |t TESIS |u 19/3/1992 | ||
